[Event "Mittelrhein Verbandsliga-S 17/18"]
[Site "Nordrheinwestfalen"]
[Date "2017.12.03"]
[Round "5.6"]
[White "Langen, Dirk"]
[Black "Weisshuhn, Gunnar"]
[Result "1/2-1/2"]
[WhiteElo "1728"]
[BlackElo "1942"]
[PlyCount "113"]
[EventDate "2017.09.10"]
[EventType "team-tourn"]
[EventRounds "11"]
[EventCountry "GER"]
[SourceTitle "EXT 2022"]
[Source "ChessBase"]
[SourceDate "2021.10.06"]
[SourceVersion "1"]
[SourceVersionDate "2021.10.06"]
[SourceQuality "1"]
[WhiteTeam "Satranc Club"]
[BlackTeam "Euskirchen Turm"]
[WhiteTeamCountry "GER"]
[BlackTeamCountry "GER"]

1. e4 c5 2. Nf3 d6 3. d4 cxd4 4. Nxd4 Nf6 5. Nc3 a6 6. f3 e6 7. Nb3 Nbd7 8. Be3 b5 9. Bd3 Bb7 10. Qe2 Qc7 11. 0-0 Be7 12. Rac1 0-0 13. Nd1 Ne5 14. Nf2 Nc4 15. Bxc4 bxc4 16. Nd4 d5 17. exd5 Nxd5 18. c3 Bd6 19. g3 Bxg3 20. Nh3 Bxh2+ 21. Qxh2 Qxh2+ 22. Kxh2 Nxe3 23. Rfe1 Nd5 24. Kg3 Rfe8 25. Ng5 Nf6 26. Rc2 h6 27. Ne4 Bxe4 28. fxe4 e5 29. Nf5 Rad8 30. Re3 Nh5+ 31. Kf3 Kh7 32. b4 Nf4 33. a4 g6 34. Nh4 Rd1 35. Ng2 Nxg2 36. Kxg2 f5 37. Rb2 f4 38. Ree2 h5 39. b5 axb5 40. Rxb5 Ra1 41. a5 Ra8 42. Rxe5 R1xa5 43. Rxa5 Rxa5 44. e5 Kg7 45. Kf3 Kf7 46. Kxf4 Ke6 47. Rg2 Rxe5 48. Rxg6+ Kd5 49. Rg8 Re4+ 50. Kf3 Rh4 51. Rg5+ Ke6 52. Ke3 Rh1 53. Kd4 Rh4+ 54. Ke3 Kd6 55. Rg6+ Kc5 56. Rg5+ Kc6 57. Rf5 1/2-1/2

[Event "Mittelrhein Verbandsliga-S 17/18"]
[Site "Nordrheinwestfalen"]
[Date "2017.10.22"]
[Round "3.7"]
[White "Hackbusch, Thomas"]
[Black "Langen, Dirk"]
[Result "1/2-1/2"]
[WhiteElo "1865"]
[BlackElo "1728"]
[PlyCount "101"]
[EventDate "2017.09.10"]
[EventType "team-tourn"]
[EventRounds "11"]
[EventCountry "GER"]
[SourceTitle "EXT 2022"]
[Source "ChessBase"]
[SourceDate "2021.10.06"]
[SourceVersion "1"]
[SourceVersionDate "2021.10.06"]
[SourceQuality "1"]
[WhiteTeam "Porz SG III"]
[BlackTeam "Satranc Club"]
[WhiteTeamCountry "GER"]
[BlackTeamCountry "GER"]

1. d4 g6 2. Nf3 Bg7 3. c4 d6 4. Nc3 Nd7 5. Bf4 h6 6. h3 e6 7. e3 Ne7 8. Be2 0-0 9. 0-0 a6 10. Qc2 f5 11. b4 e5 12. dxe5 dxe5 13. Bh2 Qe8 14. Rad1 c6 15. c5 Kh8 16. Bc4 e4 17. Nd4 Ne5 18. Bxe5 Bxe5 19. f4 Bc7 20. Qb3 Rf6 21. Rd2 Bd7 22. Rfd1 Rd8 23. Ne6 Bxe6 24. Bxe6 Rxd2 25. Rxd2 Ng8 26. Bc4 g5 27. Qd1 Rf8 28. Rd7 Bb8 29. Bxg8 Kxg8 30. g3 gxf4 31. gxf4 Qg6+ 32. Kh2 Qf6 33. Qd4 Qxd4 34. Rxd4 Kg7 35. Rd7+ Rf7 36. Rxf7+ Kxf7 37. Kg3 Bc7 38. Kh4 Kg6 39. Kg3 Bd8 40. Kf2 Bf6 41. Ne2 Bb2 42. Nd4 Kf6 43. Nb3 Ba3 44. Na5 Bxb4 45. Nxb7 Kg6 46. Ke2 Kf6 47. Nd8 Bxc5 48. Nxc6 Ke6 49. Nd8+ Kd5 50. Nf7 Bf8 51. Kd2 1/2-1/2

[Event "Cologne-ch 04"]
[Site "Cologne"]
[Date "2004.??.??"]
[Round "4"]
[White "Meier, Tobias"]
[Black "Langen, Dirk"]
[Result "1/2-1/2"]
[WhiteElo "1872"]
[BlackElo "1696"]
[PlyCount "72"]
[EventDate "2004.01.??"]
[EventType "swiss"]
[EventRounds "7"]
[EventCountry "GER"]
[SourceTitle "EXT 2006"]
[Source "ChessBase"]
[SourceDate "2005.11.24"]
[SourceVersion "1"]
[SourceVersionDate "2005.11.24"]
[SourceQuality "1"]

1. e4 e5 2. Nf3 Nc6 3. Bc4 Nf6 4. d4 Nxd4 5. Bxf7+ Ke7 6. Nxe5 Nxc2+ 7. Qxc2 d6 8. Ng6+ Kxf7 9. Nxh8+ Kg8 10. 0-0 Kxh8 11. Nc3 Be6 12. f4 c6 13. e5 dxe5 14. fxe5 Qd4+ 15. Qf2 Qxf2+ 16. Kxf2 Ng4+ 17. Kg3 Rd8 18. Bf4 Bc5 19. Rad1 Rg8 20. Ne4 Be7 21. h3 Nh6 22. Bg5 Bd5 23. Bxe7 Bxe4 24. Rd8 Nf5+ 25. Kf4 Bxg2 26. Rf2 Bxh3 27. Rxg8+ Kxg8 28. Bc5 g6 29. Rd2 b6 30. Rd8+ Kf7 31. Rd7+ Ke6 32. Rxh7 Bf1 33. Bb4 a5 34. Bc3 Ne7 35. Rh6 Bd3 36. Ke3 Bf5 1/2-1/2

[Event "Cologne KSV-ch"]
[Site "Cologne"]
[Date "1999.??.??"]
[Round "2"]
[White "Langen, Dirk"]
[Black "Ziabari, Morteza"]
[Result "0-1"]
[WhiteElo "1645"]
[BlackElo "1805"]
[PlyCount "108"]
[EventDate "1999.??.??"]
[EventType "swiss"]
[EventRounds "7"]
[EventCountry "GER"]
[SourceTitle "EXT 2000"]
[Source "ChessBase"]
[SourceDate "1999.11.16"]
[SourceVersion "1"]
[SourceVersionDate "1999.11.16"]
[SourceQuality "1"]

1. e4 b6 2. d4 Bb7 3. Nc3 e6 4. Nf3 Bb4 5. Bd3 Nf6 6. Qe2 h6 7. a3 Bxc3+ 8. bxc3 a5 9. c4 0-0 10. g4 d5 11. cxd5 exd5 12. e5 Ne4 13. Bd2 c5 14. c3 f6 15. Rf1 Re8 16. Kd1 Nd7 17. Bb5 Re7 18. Bxd7 Qxd7 19. Rb1 Ba6 20. Qe1 Bxf1 21. Qxf1 Qxg4 22. Qe2 Nxd2 23. Kxd2 fxe5 24. Nxe5 Qxe2+ 25. Kxe2 cxd4 26. cxd4 Re6 27. Kd3 Rf8 28. f3 Rf4 29. Rb5 Rd6 30. Rb2 g5 31. Re2 Re6 32. Rb2 Kg7 33. Rc2 h5 34. Rc7+ Kf8 35. Rc8+ Ke7 36. Rc7+ Kf8 37. Rc8+ Kg7 38. Rc7+ Kh6 39. Nf7+ Kg6 40. Ne5+ Kf5 41. Rf7+ Rf6 42. Rd7 Ke6 43. Rb7 Rxf3+ 44. Nxf3 Rxf3+ 45. Ke2 Rb3 46. Rg7 Kf5 47. Rf7+ Ke4 48. Rg7 Rxa3 49. Rxg5 Ra2+ 50. Kf1 Rxh2 51. Rg6 b5 52. Rb6 Kd3 53. Ke1 Kc4 54. Rc6+ Kxd4 0-1